Túp lều nát (Phóng sự), Gặp lại một người bạn nhỏ (Truyện ngắn)

שמור ב:
מידע ביבליוגרפי
מחבר ראשי: Nguyễn Đổng Chi
פורמט: ספר
שפה:Vietnamese
יצא לאור: Văn học 1999
נושאים:
תגים: הוספת תג
אין תגיות, היה/י הראשונ/ה לתייג את הרשומה!
Thư viện lưu trữ: Mạng thư viện Đại học Đà Nẵng
LEADER 01091nam a2200325 a 4500
001 000003786
003 00435
005 20171229145311.0
008 171229s1999 vie
040 |a LSK 
041 0 |a VIE 
082 0 |a 895.922803  |b NG-C 
100 1 |a Nguyễn Đổng Chi 
245 0 0 |a Túp lều nát (Phóng sự), Gặp lại một người bạn nhỏ (Truyện ngắn) 
260 |b Văn học  |c 1999 
300 |a 432 pages  |c 19 cm. 
653 |a Văn học - Việt Nam - Phóng sự 
653 |a Văn học - Việt Nam - Truyện ngắn 
852 |a Phòng Đọc 
901 |a 2 
927 |a Sách tham khảo 
OWN |a LSK 
AVA |a UDN50  |b LSK  |d 895.922803 NG-C  |e available  |t Error 5001 Not defined in file expand_doc_bib_avail.  |f 2  |g 0  |h N  |i 0  |k 1 
999 |a From the UDN01 
AVA |a UDN50  |b LSK  |d 895.922803 NG-C  |e available  |t Error 5001 Not defined in file expand_doc_bib_avail.  |f 2  |g 0  |h N  |i 0  |k 1 
TYP |a Monograph 
TYP |a Printed language 
980 |a Mạng thư viện Đại học Đà Nẵng